| 000 | 00960cab a22002535a 4500 | ||
|---|---|---|---|
| 001 | L159988 | ||
| 008 | 150113e2016 xxk 000 0 eng d | ||
| 035 | _a(Sirsi) u159988 | ||
| 041 | 0 | _aeng | |
| 050 | _a692.8 $2 18 | ||
| 100 | 1 | _aCobb, Laurence | |
| 245 | 0 | 0 |
_aAvoiding confusion _h[electronic resource] |
| 260 |
_aLondon _bRICS _c2016 |
||
| 490 |
_aRICS Building Surveying Journal _vOctober 2016 - November 2016, 22(1) |
||
| 520 | _aHighlights some key issues with payment notices - and some pitafalls to avoid. | ||
| 650 | 2 | 4 | _aPAYMENT NOTICES |
| 650 | 2 | 4 | _aISG CONSTRUCTION V SEEVIC |
| 650 | 2 | 4 | _aHENIA INVESTMENTS V BECK INTERIORS |
| 650 | 2 | 4 | _aJAWABY PROPERTY INVESTMENT V THE INTERIORS GROUP |
| 650 | 2 | 4 | _aBUILT ENVIRONMENT-BUILDING CONTRACT FORMS |
| 690 |
_aDispute resolution _96236 |
||
| 856 | 4 | 0 |
_uhttps://www.rics.org/Global/BSJ-BCJ%20Oct%20Nov%202016%20Interactive.pdf _zView the article free of charge at www.rics.org... |
| 942 | _n0 | ||
| 999 |
_c85105 _d85105 |
||